Opčné a termínové obchody aj u nás.
Rozhovor o opčných a termínových obchodoch s predsedom Burzovej komory Bratislavskej opčnej burzy. Akcionári tejto burzy. Predmet činnosti burzovej inštitúcie. Druhy kótovaných cenných papierov. Rozdiel medzi opčným a termínovým obchodom. Organizovanie uzatvárania burzových obchodov. Spolupráca s Bu...
Enregistré dans:
| Auteur principal: | |
|---|---|
| Autres auteurs: | |
| Format: | Chapitre de livre |
| Langue: | slovaque |
| Sujets: | |
| Tags: |
Pas de tags, Soyez le premier à ajouter un tag!
|
MARC
| LEADER | 00000naa a2200000 4500 | ||
|---|---|---|---|
| 001 | r013349 | ||
| 005 | 20221213122926.9 | ||
| 041 | 0 | |a slo | |
| 044 | |a SK | ||
| 245 | 1 | 0 | |a Opčné a termínové obchody aj u nás. |c R. Vochyan, F. Palko |
| 520 | |a Rozhovor o opčných a termínových obchodoch s predsedom Burzovej komory Bratislavskej opčnej burzy. Akcionári tejto burzy. Predmet činnosti burzovej inštitúcie. Druhy kótovaných cenných papierov. Rozdiel medzi opčným a termínovým obchodom. Organizovanie uzatvárania burzových obchodov. Spolupráca s Burzou cenných papierov v Bratislave a RM-S systémom. | ||
| 610 | 2 | 0 | |a burzy |
| 610 | 2 | 0 | |a obchody burzové |
| 610 | 2 | 0 | |a opcie |
| 610 | 2 | 0 | |a Bratislava |
| 610 | 2 | 0 | |a Slovensko |
| 610 | 2 | 0 | |a papiere cenné |
| 610 | 2 | 0 | |a RM-Systém Slovakia |
| 100 | 1 | |a Vochyan, R. | |
| 700 | 1 | |a Palko, F. | |